[Event "Tatry Open 2018"]
[Site "Tatranska Lomnica"]
[Date "2018.10.01"]
[Round "3"]
[White "Malik, Jan"]
[Black "Weber, Samuel"]
[Result "1-0"]
[WhiteElo "2300"]
[BlackElo "2141"]
[Annotator "TA"]
[PlyCount "77"]
[EventDate "2018.09.30"]
[EventType "swiss"]
[EventCountry "SVK"]
[SourceTitle "playchess.com"]
[Source "ChessBase"]
[SourceQuality "1"]

{[%evp 24,77,0,-22,-13,-9,0,0,0,-9,0,0,7,11,20,0,24,24,20,19,67,67,67,79,90,41,41,50,166,174,174,170,214,220,234,230,458,436,432,425,671,671,671,657,29972,29974,29970,29968,29982,29983,29983,29984,29983,29984,29984,29985]} 1. e4 e5 2. Nf3 Nc6 3. d4 exd4 4. Nxd4 Nf6 5. Nc3 Bb4 6. Nxc6 bxc6 7. Bd3 d5 8. exd5 cxd5 9. O-O O-O 10. Bg5 c6 11. Na4 Re8 12. c3 Bd6 {C47: Schottisches Vierspringerspiel} 13. Qf3 {LiveBook: 4 Partien} ({Ein No Go ist} 13. Bxf6 Qxf6 14. b4 Qg5 $17) (13. Bh4 Bg4 14. f3 Bh5 15. Qc2 Bg6 16. Rae1 Qc7 17. g4 Bxd3 18. Qxd3 Nd7 19. Qc2 Nf8 20. Rxe8 Rxe8 {0-1 (40) Nakamura,H (2789)-Carlsen,M (2872) Zuerich 2014}) 13... h6 14. Bxf6 $1 Qxf6 {Die Stellung ist ausgeglichen.} 15. Qxf6 gxf6 16. Rfe1 (16. c4 {is interesting.} dxc4 17. Bxc4 Bf5 18. Bb3 Be5 19. Rac1) 16... Bd7 (16... Be6 {is more complex.} 17. g3 Kg7 18. Ba6 Rad8 19. Rac1 Bg4) 17. b4 Rxe1+ (17... Be6 {looks sharper.} 18. Ba6 Rab8 19. a3 Kg7 20. g3 h5) 18. Rxe1 Be5 $146 ({Vorgänger:} 18... Re8 19. Rxe8+ Bxe8 {1-0 (37) Khomeriki,G (2205)-Roman,D Meudon 1991}) 19. Nc5 Be8 ({Jedoch nicht} 19... Bxc3 $2 20. Rc1 $18) 20. Rc1 $36 {[%mdl 2048] Weiss hat Initiative.} a5 {Schwarz will ...axb4 spielen.} 21. a4 d4 22. cxd4 Bxd4 23. Nb3 Bb6 24. bxa5 (24. Be4 {keeps more tension.} axb4 25. Bxc6 Bxc6 26. Rxc6 Bd4 27. Nxd4 Rd8 28. Rxf6 Rxd4 29. g3) 24... Bxa5 25. Be4 Bb4 (25... Kf8 $14) 26. Bxc6 $18 Bxc6 27. Rxc6 Rxa4 {[%mdl 4096] Endspiel [#] zielt auf ...Ta3 ab. KTL-KTS} 28. Rc4 $1 {Und weiter mit g3 wäre nett.} ({Keinesfalls} 28. Rxf6 $6 Ra3 $16) 28... Kg7 29. g3 {Droht stark Kg2.} Kg6 $2 (29... f5 30. Kg2 h5) 30. Kg2 f5 31. Nd4 h5 (31... f4 $142 32. gxf4 h5) 32. Nc2 Kg5 33. Rxb4 Rxb4 34. Nxb4 {KS-K3B. Weiß setzt Matt.} f4 35. Kf3 f5 36. h4+ Kg6 37. Kxf4 Kf6 38. Nd5+ Ke6 39. Ne3 {Precision: Weiß = 75%, Schwarz = 12%.} 1-0

[Event "Tatry Open 2018"]
[Site "Tatranska Lomnica"]
[Date "2018.10.01"]
[Round "3"]
[White "Borsos, Bogdan"]
[Black "Kolesar, Milan"]
[Result "0-1"]
[WhiteElo "2266"]
[BlackElo "2133"]
[Annotator "ChessBase"]
[PlyCount "120"]
[EventDate "2018.09.30"]
[EventType "swiss"]
[EventCountry "SVK"]
[SourceTitle "playchess.com"]
[Source "ChessBase"]
[SourceQuality "1"]
[TimeControl "40/5400+30:1800+30"]

1. Nf3 {[%emt 0:00:00]} Nf6 {[%emt 0:00:00]} 2. c4 {[%emt 0:00:00]} c6 {[%emt 0:00:00]} 3. g3 {[%emt 0:00:00]} d5 {[%emt 0:00:00]} 4. Bg2 {[%emt 0:00:50]} Bf5 {[%emt 0:00:23]} 5. O-O {[%emt 0:00:16]} e6 {[%emt 0:00:12]} 6. d3 {[%emt 0:00:10]} h6 {[%emt 0:00:09]} 7. Be3 {[%emt 0:00:18]} Be7 {[%emt 0:03:17]} 8. Qb3 {[%emt 0:00:11]} Qc8 {[%emt 0:00:43]} 9. Nc3 {[%emt 0:01:00]} Nbd7 {[%emt 0:03:15]} 10. Rac1 {[%emt 0:02:01]} dxc4 {[%emt 0:03:58]} 11. Qxc4 {[%emt 0:00:24]} O-O {[%emt 0:01:35]} 12. Nd4 {[%emt 0:01:30]} Bg4 {[%emt 0:02:29]} 13. h3 {[%emt 0:00:27]} Bh5 {[%emt 0:01:11]} 14. b4 {[%emt 0:11:05]} a6 {[%emt 0:15:21]} 15. Qb3 {[%emt 0:01:47]} Qd8 {[%emt 0:01:45]} 16. g4 {[%emt 0:11:00]} Bg6 {[%emt 0:00:46]} 17. Na4 {[%emt 0:00:43]} Nd5 {[%emt 0:04:26]} 18. Bd2 {[%emt 0:04:34]} Bd6 {[%emt 0:03:38]} 19. Nc5 {[%emt 0:01:27]} Rb8 {[%emt 0:07:01]} 20. f4 {[%emt 0:14:17]} Qe7 {[%emt 0:02:22]} 21. Nxa6 {[%emt 0:12:21]} Ra8 {[%emt 0:05:41]} 22. Nc5 {[%emt 0:05:45]} Nxc5 {[%emt 0:00:44]} 23. bxc5 {[%emt 0:00:07]} Bxc5 {[%emt 0:00:17]} 24. Qc4 {[%emt 0:00:20]} Bxd4+ {[%emt 0:07:24]} 25. Qxd4 {[%emt 0:00:06]} Rxa2 {[%emt 0:00:16]} 26. Rfd1 {[%emt 0:00:16]} Rd8 {[%emt 0:04:16]} 27. Qc4 {[%emt 0:05:57]} Rda8 {[%emt 0:02:59]} 28. Rc2 {[%emt 0:01:05]} Rxc2 {[%emt 0:01:44]} 29. Qxc2 {[%emt 0:00:07]} f5 {[%emt 0:01:48]} 30. e4 {[%emt 0:01:38]} Nf6 {[%emt 0:03:36]} 31. Bf3 {[%emt 0:04:04]} Qa3 {[%emt 0:02:18]} 32. Kg2 {[%emt 0:01:55]} Qa4 {[%emt 0:01:34]} 33. Qxa4 {[%emt 0:06:02]} Rxa4 {[%emt 0:00:15]} 34. Bc3 {[%emt 0:08:03]} fxe4 {[%emt 0:02:28]} 35. dxe4 {[%emt 0:00:06]} Bxe4 {[%emt 0:00:46]} 36. Rd8+ {[%emt 0:00:54]} Kf7 {[%emt 0:00:45]} 37. Bxe4 {[%emt 0:00:23]} Rxe4 {[%emt 0:02:01]} 38. Kf3 {[%emt 0:00:28]} Rc4 {[%emt 0:00:32]} 39. Be5 {[%emt 0:00:19]} b5 {[%emt 0:01:27]} 40. h4 {[%emt 0:00:26]} b4 {[%emt 0:04:45]} 41. h5 {[%emt 0:31:23]} Rc1 {[%emt 0:36:58]} 42. Bd6 {[%emt 0:00:22]} Rc3+ {[%emt 0:05:13]} 43. Ke2 {[%emt 0:02:35]} g6 {[%emt 0:00:00]} 44. Rf8+ {[%emt 0:00:00]} Kg7 {[%emt 0:00:00]} 45. Rb8 {[%emt 0:00:00]} Nxg4 {[%emt 0:00:00]} 46. Rxb4 {[%emt 0:00:00]} gxh5 {[%emt 0:00:00]} 47. f5 {[%emt 0:00:00]} Kf6 {[%emt 0:00:00]} 48. fxe6 {[%emt 0:00:00]} Kxe6 {[%emt 0:00:00]} 49. Bf8 {[%emt 0:00:00]} Kd5 {[%emt 0:00:00]} 50. Rf4 {[%emt 0:00:00]} Rc2+ {[%emt 0:00:00]} 51. Kd3 {[%emt 0:00:00]} Rf2 {[%emt 0:00:00]} 52. Bxh6 {[%emt 0:00:00]} Rxf4 {[%emt 0:00:00]} 53. Bxf4 {[%emt 0:00:00]} h4 {[%emt 0:00:47]} 54. Ke2 {[%emt 0:00:00]} Ke4 {[%emt 0:00:09]} 55. Bd6 {[%emt 0:00:00]} h3 {[%emt 0:01:01]} 56. Kf1 {[%emt 0:00:00]} Kd5 {[%emt 0:00:26]} 57. Ba3 {[%emt 0:00:00]} c5 {[%emt 0:00:16]} 58. Bc1 {[%emt 0:00:00]} Ke4 {[%emt 0:00:19]} 59. Kg1 {[%emt 0:00:00]} c4 {[%emt 0:00:06]} 60. Bb2 {[%emt 0:00:00] Ke5} Kd3 {[%emt 0:00:07]} 0-1

[Event "Tatry Open 2018"]
[Site "Tatranska Lomnica"]
[Date "2018.10.01"]
[Round "3"]
[White "Ruckschloss, Karol"]
[Black "Plasil, Petr"]
[Result "1-0"]
[WhiteElo "2253"]
[BlackElo "2004"]
[Annotator "TA"]
[PlyCount "85"]
[EventDate "2018.09.30"]
[EventType "swiss"]
[EventCountry "SVK"]
[SourceTitle "playchess.com"]
[Source "ChessBase"]
[SourceQuality "1"]

{[%evp 14,85,31,29,51,12,52,38,43,-80,-80,-106,-34,-117,-75,-149,-39,-44,-54,-87,-47,-60,-8,6,30,35,42,-23,-17,-131,0,-12,-30,-35,97,79,96,47,56,10,15,14,18,0,158,145,122,127,202,177,176,121,108,102,175,168,161,139,199,100,100,69,284,278,710,290,507,501,478,475,469,464,427,423]} 1. c4 Nf6 2. d4 g6 3. Nc3 Bg7 4. e4 d6 5. Be2 O-O 6. h4 c5 7. d5 e6 8. h5 exd5 {Hoping for ...d4. E73: King's Indian: Averbakh Variation without 6...c5} 9. exd5 (9. hxg6 fxg6 10. cxd5 b5 11. e5 dxe5 12. Bxb5 Ba6 13. a4 Bxb5 14. axb5 Nbd7 15. Be3 a6 16. bxa6 {1-0 (39) Rapport,R (2680)-Baklan,V (2627) Kozloduy 2013}) 9... Qe7 10. Kf1 Nbd7 {[%cal Bb8d7,Bd7e5,Be5f3][%mdl 32] White is slightly better.} 11. g4 (11. h6 $14 {stays ahead.} Bh8 12. Bg5) 11... Ne5 $17 12. f3 Nfd7 (12... h6 $1 $17 13. Qe1 gxh5) (12... Bd7 13. a4 Rae8 14. Nh3 h6 15. hxg6 fxg6 16. g5 {1-0 (56) Ruckschloss,K (2244)-Plasil,P (2008) Tatranske Zruby 2013}) 13. Nh3 {[#]} (13. a4 $15) 13... Nb6 $1 14. Qb3 ({White should try} 14. a4) 14... Nbxc4 $146 ({Black should play} 14... gxh5 $17 15. g5 Bf5) ({Predecessor:} 14... gxh5 15. gxh5 Nexc4 16. Ne4 {0-1 (35) Ruckschloss,K (2293)-Georgiev,K (2456) Cappelle-la-Grande 2005}) 15. Bxc4 $15 {Black must now prevent Be2.} Nxf3 {( -> ...Qe1+)} (15... Nxc4 $2 16. Qxc4 gxh5 17. gxh5 $16) 16. Nf2 f5 {[#]} 17. g5 $1 f4 (17... Nd4 $15 18. Qd1 f4 19. hxg6 hxg6) (17... Nxg5 18. hxg6) 18. Ne2 $11 Nd4 19. Nxd4 Bxd4 20. Bd2 (20. Qf3 $14) 20... Qxg5 21. hxg6 {[#]} (21. Be2 $11) 21... hxg6 (21... Qg3 $1 $17 {[%csl Gd4][%cal Rg3f2]} 22. gxh7+ Kh8) 22. Qf3 Qg3 ({Much worse is} 22... Bxb2 $6 23. Bc3 $16) 23. Be2 Qxf3 (23... Bf5 $15 {keeps the upper hand.} 24. Bc3 (24. Qxf4 $2 Bxf2 25. Qxg3 Bxg3 $19) (24. Bxf4 $2 Qxf3 25. Bxf3 Bd7 $19) 24... Bg7) 24. Bxf3 $16 Bxb2 25. Rb1 Bd4 26. Be4 {[%mdl 1024] White has compensation.} Kg7 27. Kg2 b6 $1 28. Rh4 g5 $2 (28... Bf5 $11 29. Rxf4 Rae8 30. Bxf5 Rxf5 31. Rxf5 gxf5) 29. Rh7+ Kg8 {aiming for ...f3+!} 30. Rh5 Bf6 (30... Kf7 $16) 31. Kf3 Rf7 32. Ng4 (32. Rbh1 $18) 32... Bxg4+ 33. Kxg4 Rg7 (33... Re8 $16 34. Bd3 Rg7) 34. Bf5 Kf7 35. Re1 Re8 (35... Rf8 $16 {keeps fighting.}) 36. Be6+ ({Better is} 36. Rxe8 $18 {White threatens Rhh8 and mate.} Kxe8 37. Rh8+ Ke7 38. Ra8) 36... Ke7 37. Reh1 Rf8 $2 (37... Kd8 $1 $14) 38. Rh7 $18 {And now Rxg7+ would win.} f3 $2 (38... Ke8 39. Rxg7 Bxg7) 39. Kxf3 (39. Rxg7+ $142 Bxg7 40. Rh7 (40. Bxg5+ Ke8 $18)) 39... g4+ $2 (39... Kd8 40. Kg4 Re7) 40. Kg2 {White is clearly winning.} Ke8 41. Rxg7 Bxg7 42. Rh7 Bd4 {Strongly threatening ...Rf2+.} 43. Bg5 {Precision: White = 39%, Black = 37%.} 1-0

[Event "Tatry Open 2018"]
[Site "Tatranska Lomnica"]
[Date "2018.10.01"]
[Round "3"]
[White "Michalicka, Milan"]
[Black "Dzikowski, Michal"]
[Result "1/2-1/2"]
[WhiteElo "2225"]
[BlackElo "2126"]
[Annotator "RC"]
[PlyCount "84"]
[EventDate "2018.09.30"]
[EventType "swiss"]
[EventCountry "SVK"]
[SourceTitle "playchess.com"]
[Source "ChessBase"]
[SourceQuality "1"]
[TimeControl "40/5400+30:1800+30"]

1. d4 {[%emt 0:00:00]} Nf6 {[%emt 0:00:00]} 2. c4 {[%emt 0:00:00]} e6 {[%emt 0:00:00]} 3. g3 {[%emt 0:00:00]} d5 {[%emt 0:00:00]} 4. Bg2 {[%emt 0:00:15]} Bb4+ {[%emt 0:00:31]} 5. Bd2 {[%emt 0:00:25]} Be7 {[%emt 0:00:28]} 6. Nf3 {[%emt 0:00:20]} O-O {[%emt 0:00:11]} 7. O-O {[%emt 0:00:21]} c6 {[%emt 0:00:18]} 8. Qc2 {[%emt 0:00:49]} Nbd7 {[%emt 0:00:30]} 9. Bf4 {[%emt 0:00:51]} b6 {[%emt 0:01:32]} 10. Rd1 {[%emt 0:04:03]} Bb7 {[%emt 0:02:23]} 11. Ne5 {[%emt 0:03:08]} Nh5 {[%emt 0:04:31]} 12. Bc1 {[%emt 0:04:09]} f5 {[%emt 0:02:29]} 13. cxd5 {[%emt 0:09:36]} cxd5 {[%emt 0:00:40]} 14. Nc6 {[%emt 0:00:16]} Qe8 {[%emt 0:06:21]} 15. Nxe7+ {[%emt 0:00:23]} Qxe7 {[%emt 0:00:05]} 16. Nc3 {[%emt 0:02:41]} a6 {[%emt 0:02:32]} 17. Qd2 {[%emt 0:03:55]} Qf7 {[%emt 0:05:23]} 18. Bf3 {[%emt 0:08:54]} Rac8 {[%emt 0:03:44]} 19. Qg5 {[%emt 0:01:48]} Nhf6 {[%emt 0:00:51]} 20. h4 {[%emt 0:02:37]} Ne4 {[%emt 0:03:12]} 21. Bxe4 {[%emt 0:03:40]} fxe4 {[%emt 0:00:47]} 22. Rf1 {[%emt 0:02:57]} h6 {[%emt 0:02:11]} 23. Qf4 {[%emt 0:02:52]} e5 {[%emt 0:06:46]} 24. Qxf7+ {[%emt 0:00:46]} Rxf7 {[%emt 0:03:49]} 25. Be3 {[%emt 0:00:18]} b5 {[%emt 0:02:43]} 26. Rfc1 {[%emt 0:04:13]} exd4 {[%emt 0:00:42]} 27. Bxd4 {[%emt 0:00:11]} Nf8 {[%emt 0:00:45]} 28. e3 {[%emt 0:03:06]} Ne6 {[%emt 0:01:09]} 29. Ne2 {[%emt 0:05:44]} Rfc7 {[%emt 0:01:08]} 30. Be5 {[%emt 0:01:46]} Rc4 {[%emt 0:11:33]} 31. Rxc4 {[%emt 0:03:50]} dxc4 {[%emt 0:07:18]} 32. Rd1 {[%emt 0:01:10]} Rd8 {[%emt 0:01:17]} 33. Rxd8+ {[%emt 0:00:59]} Nxd8 {[%emt 0:00:05]} 34. Kf1 {[%emt 0:00:32]} Ne6 {[%emt 0:00:32]} 35. Bd4 {[%emt 0:01:31]} g6 {[%emt 0:00:52]} 36. Ke1 {[%emt 0:00:20]} Kf7 {[%emt 0:01:53]} 37. Kd2 {[%emt 0:00:18]} Nc7 {[%emt 0:03:24]} 38. a3 {[%emt 0:07:24]} Nd5 {[%emt 0:01:39]} 39. Nc3 {[%emt 0:00:25]} Nxc3 {[%emt 0:05:21]} 40. Kxc3 {[%emt 0:00:09]} Ke6 {[%emt 0:00:08]} 41. Bg7 {[%emt 0:30:25]} h5 {[%emt 0:31:20]} 42. Kd4 {[%emt 0:00:22]} Kf5 {[%emt 0:02:41] Kxe4+ Ke5+} 1/2-1/2

[Event "Tatry Open 2018"]
[Site "Tatranska Lomnica"]
[Date "2018.10.01"]
[Round "3"]
[White "Bolacky, Jiri"]
[Black "Steiner, Bruno"]
[Result "0-1"]
[WhiteElo "2222"]
[BlackElo "2075"]
[Annotator "ChessBase"]
[PlyCount "150"]
[EventDate "2018.09.30"]
[EventType "swiss"]
[EventCountry "SVK"]
[SourceTitle "playchess.com"]
[Source "ChessBase"]
[SourceQuality "1"]
[TimeControl "40/5400+30:1800+30"]

1. e4 {[%emt 0:00:00]} e5 {[%emt 0:07:53]} 2. Nf3 {[%emt 0:00:00]} Nc6 {[%emt 0:00:37]} 3. d4 {[%emt 0:00:09]} exd4 {[%emt 0:00:09]} 4. Nxd4 {[%emt 0:00:09]} Nf6 {[%emt 0:00:09]} 5. Nxc6 {[%emt 0:00:33]} bxc6 {[%emt 0:00:06]} 6. e5 {[%emt 0:00:14]} Qe7 {[%emt 0:00:07]} 7. Qe2 {[%emt 0:00:11]} Nd5 {[%emt 0:00:05]} 8. c4 {[%emt 0:00:23]} Nb6 {[%emt 0:00:14]} 9. Nc3 {[%emt 0:00:58]} Qe6 {[%emt 0:05:59]} 10. Bd2 {[%emt 0:03:51]} a5 {[%emt 0:07:24]} 11. Qe4 {[%emt 0:23:30]} g6 {[%emt 0:08:17]} 12. O-O-O {[%emt 0:16:55]} Bb7 {[%emt 0:12:44]} 13. Qh4 {[%emt 0:16:05]} Be7 {[%emt 0:06:11]} 14. Bg5 {[%emt 0:07:51]} Qxe5 {[%emt 0:11:27]} 15. Bxe7 {[%emt 0:12:59]} Qxe7 {[%emt 0:00:40]} 16. Qd4 {[%emt 0:01:20]} O-O {[%emt 0:05:33]} 17. h4 {[%emt 0:08:55]} c5 {[%emt 0:02:23]} 18. Qf4 {[%emt 0:00:48]} d6 {[%emt 0:01:32]} 19. h5 {[%emt 0:00:01]} Nd7 {[%emt 0:01:06]} 20. Qh6 {[%emt 0:02:32]} g5 {[%emt 0:14:24]} 21. Bd3 {[%emt 0:01:28]} f6 {[%emt 0:00:17]} 22. Bf5 {[%emt 0:01:16]} Nb6 {[%emt 0:08:44]} 23. Rde1 {[%emt 0:00:32]} Qg7 {[%emt 0:00:47]} 24. Qxg7+ {[%emt 0:00:02]} Kxg7 {[%emt 0:00:04]} 25. h6+ {[%emt 0:00:51]} Kf7 {[%emt 0:01:13]} 26. b3 {[%emt 0:00:51]} Rae8 {[%emt 0:02:16]} 27. f3 {[%emt 0:00:18]} Rxe1+ {[%emt 0:01:06]} 28. Rxe1 {[%emt 0:00:01]} Bc8 {[%emt 0:00:09]} 29. Bd3 {[%emt 0:00:42]} Nd7 {[%emt 0:00:53]} 30. Bxh7 {[%emt 0:00:28]} Rh8 {[%emt 0:00:24]} 31. Bf5 {[%emt 0:00:03]} Ne5 {[%emt 0:00:16]} 32. Bc2 {[%emt 0:00:46]} Rxh6 {[%emt 0:00:06]} 33. Nb5 {[%emt 0:00:08]} Rh2 {[%emt 0:00:59]} 34. Rg1 {[%emt 0:00:01]} g4 {[%emt 0:00:09]} 35. f4 {[%emt 0:00:19]} Nc6 {[%emt 0:00:13]} 36. Nxc7 {[%emt 0:00:34]} Nd4 {[%emt 0:00:04]} 37. Bd1 {[%emt 0:01:24]} g3 {[%emt 0:00:07]} 38. Nd5 {[%emt 0:00:49]} Nf5 {[%emt 0:01:50]} 39. Bg4 {[%emt 0:00:22]} Nd4 {[%emt 0:00:41]} 40. Bd1 {[%emt 0:00:16]} Be6 {[%emt 0:01:18]} 41. Ne3 {[%emt 0:15:55]} Bf5 {[%emt 0:20:58]} 42. Nf1 {[%emt 0:06:18]} Rh4 {[%emt 0:00:41]} 43. Nxg3 {[%emt 0:00:10]} Rxf4 {[%emt 0:00:20]} 44. Rf1 {[%emt 0:05:30]} Rxf1 {[%emt 0:00:11]} 45. Nxf1 {[%emt 0:00:01]} Ke6 {[%emt 0:00:16]} 46. Kd2 {[%emt 0:03:32]} Ke5 {[%emt 0:00:08]} 47. Ne3 {[%emt 0:00:59]} Be4 {[%emt 0:01:09]} 48. g3 {[%emt 0:01:03]} f5 {[%emt 0:00:45]} 49. Kc3 {[%emt 0:00:29]} Bh1 {[%emt 0:02:58]} 50. Kd3 {[%emt 0:00:05]} Nc6 {[%emt 0:00:31]} 51. a3 {[%emt 0:00:13]} Nd4 {[%emt 0:00:14]} 52. Nf1 {[%emt 0:00:32]} Be4+ {[%emt 0:00:22]} 53. Kc3 {[%emt 0:00:40]} Ne6 {[%emt 0:00:28]} 54. Ne3 {[%emt 0:01:34]} Bh1 {[%emt 0:00:37]} 55. Bc2 {[%emt 0:00:33]} Nd4 {[%emt 0:02:16]} 56. Bd1 {[%emt 0:00:11]} Ke4 {[%emt 0:02:15]} 57. Nd5 {[%emt 0:00:44]} Bf3 {[%emt 0:00:14]} 58. Nf6+ {[%emt 0:00:30]} Ke3 {[%emt 0:00:34]} 59. Bc2 Ne2+ {[%emt 0:00:27]} 60. Kb2 {[%emt 0:01:26]} Nxg3 {[%emt 0:00:14]} 61. b4 {[%emt 0:00:05]} axb4 {[%emt 0:00:48]} 62. axb4 {[%emt 0:00:02]} cxb4 {[%emt 0:00:20]} 63. Kb3 {[%emt 0:01:38]} Be4 {[%emt 0:01:47]} 64. Bd1 {[%emt 0:00:28]} Kd2 {[%emt 0:01:39]} 65. Nxe4+ {[%emt 0:00:37]} Nxe4 {[%emt 0:00:05]} 66. Bh5 {[%emt 0:00:26]} Ke3 {[%emt 0:00:35]} 67. Kxb4 {[%emt 0:00:22]} f4 {[%emt 0:00:40]} 68. Bg4 {[%emt 0:00:11]} f3 {[%emt 0:00:13]} 69. Bh3 {[%emt 0:00:08]} f2 {[%emt 0:01:29]} 70. Bg2 Kd4 {[%emt 0:01:33]} 71. Kb5 {[%emt 0:01:01]} Kc3 {[%emt 0:00:48]} 72. Bh3 {[%emt 0:00:09]} Ng5 {[%emt 0:00:39]} 73. Bg2 {[%emt 0:00:44]} Ne4 {[%emt 0:00:25]} 74. Bh3 {[%emt 0:00:08]} Kd4 {[%emt 0:00:13]} 75. Bg2 {[%emt 0:00:14]} Nd2 {[%emt 0:00:12]} 0-1

[Event "Tatry Open 2018"]
[Site "Tatranska Lomnica"]
[Date "2018.10.01"]
[Round "3"]
[White "Kostolansky, Sebastian Lukas"]
[Black "Bochnickova, Andrea"]
[Result "1-0"]
[WhiteElo "2209"]
[BlackElo "2079"]
[Annotator "TA"]
[PlyCount "77"]
[EventDate "2018.09.30"]
[EventType "swiss"]
[EventCountry "SVK"]
[SourceTitle "playchess.com"]
[Source "ChessBase"]
[SourceQuality "1"]

{[%evp 17,77,-10,-4,-11,0,-8,0,0,0,0,0,-1,0,0,0,-17,4,-14,6,-10,-10,-12,34,19,87,0,52,50,42,49,98,94,219,203,219,205,218,185,261,255,254,238,239,266,534,520,534,525,499,520,734,746,734,733,747,725,1083,1077,5252,5247,29990,29991]} 1. e4 e5 2. Nf3 Nf6 3. Nxe5 d6 4. Nf3 Nxe4 5. d3 Nf6 6. d4 d5 7. Bd3 Bd6 8. O-O O-O 9. Nbd2 {C01: French: Exchange Variation} (9. Re1 Bg4 10. Bg5 h6 11. Bh4 Nbd7 12. Nbd2 c6 13. c3 Qc7 14. Qc2 Rfe8 15. Bg3 Bxg3 16. hxg3 Rxe1+ 17. Rxe1 Re8 18. Rxe8+ Nxe8 {½-½ (49) Aronian,L (2767)-Caruana,F (2822) chess.com INT 2018}) 9... Bg4 {LiveBook: 9 Games} 10. c3 c6 11. Qc2 {The position is equal.} Qc7 12. b3 Nbd7 13. Bb2 Rfe8 14. Rfe1 Nf8 $146 ({Predecessor:} 14... Bh5 15. h3 Bf4 16. c4 Bg6 17. Bxg6 hxg6 18. c5 Nf8 19. b4 {0-1 (47) Szalaji,R (1886)-Gulyas,Z (2066) Hungary 2012}) 15. c4 Bh5 16. Ne5 Ng6 {[%cal Rg6e5]} 17. Qc3 Nf4 18. c5 Bf8 19. Bf1 Bg6 20. g3 N4h5 (20... Ne6 $11 {keeps the balance.}) 21. g4 ({Better is} 21. Bh3 $16) 21... Nf4 (21... Rxe5 $1 $11 22. dxe5 Nxg4) 22. Qe3 $14 Ne6 23. f4 $36 {[%cal Bf2f4,Bf4f5][%mdl 2080] White has the initiative.} Be4 24. g5 (24. Nxe4 $6 Nxe4 25. Bg2 f6 $11) 24... Nh5 (24... Nd7 $16 {might work better.}) 25. Nxe4 $18 dxe4 {[#]} 26. f5 $1 {[%cal Rf5e6]} ({Inferior is} 26. Qxe4 Nhxf4 27. b4 Rad8 $11) 26... Nef4 27. Qxe4 Nd5 (27... Qd8 $142) 28. Qf3 g6 29. Re4 Ng7 30. Bh3 f6 $2 (30... gxf5 31. Bxf5 Nxf5) 31. gxf6 Nxf6 32. fxg6 Nxe4 33. gxh7+ ({Less strong is} 33. Qxe4 hxg6 34. Qxg6 Rxe5 $18) 33... Kxh7 34. Qxe4+ Kg8 35. Bf1 Rxe5 36. dxe5 {[#] And now Bc4+ would win.} ({Not} 36. Qxe5 Qxe5 37. dxe5 Bxc5+ 38. Kh1 Rd8 $16) 36... Bxc5+ 37. Kh1 {Bc4+ is the strong threat.} Re8 38. Bc4+ Ne6 39. Qg6+ {Precision: White = 71%, Black = 33%.} 1-0

[Event "Tatry Open 2018"]
[Site "Tatranska Lomnica"]
[Date "2018.10.01"]
[Round "3"]
[White "Mrvova, Alena"]
[Black "Bednar, Jan"]
[Result "0-1"]
[WhiteElo "2200"]
[BlackElo "1986"]
[Annotator "TA"]
[PlyCount "46"]
[EventDate "2018.09.30"]
[EventType "swiss"]
[EventCountry "SVK"]
[SourceTitle "playchess.com"]
[Source "ChessBase"]
[SourceQuality "1"]

{[%evp 17,46,-2,18,0,6,-52,-30,-85,-72,-70,-73,-83,-75,-86,-81,-93,-99,-115,-115,-108,-122,-107,-89,-191,-191,-190,-188,-185,-164,-890,-882]} 1. e4 c5 2. Nf3 d6 3. d4 cxd4 4. Nxd4 Nf6 5. Nc3 g6 6. Bc4 Bg7 7. Bb3 O-O 8. h3 Nc6 9. Be3 Bd7 {LiveBook: 276 Games} 10. a3 {B72: Sicilian Dragon: 6 Be3, lines with h3+Bc4 and sidelines} (10. O-O Nxd4 11. Bxd4 Bc6 12. Qd3 e6 13. Rad1 Qc7 14. Qf3 Qe7 15. a4 Rfd8 16. Rfe1 Nd7 17. Bxg7 Kxg7 18. Qg3 Nc5 19. f4 Kh8 20. Qe3 Nxb3 21. cxb3 {1-0 (44) Bologan,V (2640)-Savchenko,B (2613) Sochi 2016}) 10... Rc8 11. Qd3 $146 (11. O-O $11) ({Predecessor:} 11. O-O Na5 12. Ba2 Rxc3 13. bxc3 Nxe4 14. Qe1 Qc7 15. Bd2 Nxd2 16. Qxd2 Nc4 17. Qd3 Rc8 {0-1 (31) Hercsik,T (1687)-Benedeczky,L (1631) Miskolc 2008}) 11... Ne5 $15 12. Qe2 {[#]} (12. Qd2 $11 {remains equal.}) 12... Rxc3 $1 $17 {[%mdl 512]} 13. bxc3 Nxe4 14. Bd2 Nxd2 15. Qxd2 Qc7 16. O-O Rc8 {[%mdl 1024] Black has strong compensation.} 17. f4 Nc4 18. Qe2 e6 19. Rf3 d5 20. Kh1 (20. Bxc4 $17 Qb6 21. Qe1) 20... Nd6 $19 21. Qe3 Qc5 22. Ne2 Ne4 23. Rd1 $2 {[#]} (23. Qxc5 Rxc5 24. Rd1) 23... Qxe3 {Precision: White = 32%, Black = 71%.} 0-1

[Event "Tatry Open 2018"]
[Site "Tatranska Lomnica"]
[Date "2018.10.01"]
[Round "3"]
[White "Splichal, Stanislav"]
[Black "Berezjuk, Sergej"]
[Result "0-1"]
[WhiteElo "2154"]
[BlackElo "2427"]
[Annotator "TA"]
[PlyCount "58"]
[EventDate "2018.09.30"]
[EventType "swiss"]
[EventCountry "SVK"]
[SourceTitle "playchess.com"]
[Source "ChessBase"]
[SourceQuality "1"]

{[%evp 10,58,7,0,5,0,9,8,18,0,29,0,23,18,22,12,39,22,61,0,12,-20,-20,-19,0,-10,21,20,12,0,0,-105,-85,-104,-99,-224,-236,-824,-834,-809,-835,-810,-831,-830,-784,-794,-799,-764,-750,-864,-851]} 1. Nf3 Nf6 2. d4 d5 3. c4 dxc4 4. Qa4+ c6 5. Qxc4 Bg4 6. Nbd2 Nbd7 {D23: Queen's Gambit Accepted: 3 Nf3 Nf6 sidelines} 7. g3 e6 8. Bg2 Be7 {The position is equal.} 9. O-O O-O 10. a3 (10. b3 Qa5 11. Bb2 Rac8 12. Rfd1 Rfd8 13. h3 Bh5 14. Qc1 {0-1 (56) Le,Q (2737)-Mamedov,R (2709) Riadh 2017}) 10... Nd5 $146 ({Predecessor:} 10... a5 11. Rd1 Nb6 12. Qd3 Nfd7 13. b3 Bf5 14. e4 {1-0 (43) Epishin,V (2607)-Sandipan,C (2628) Lugano 2013}) 11. b3 Bh5 12. Bb2 Rc8 13. Rac1 f5 14. Rfd1 f4 15. Ne4 Bg6 16. Ne5 Bxe4 17. Bxe4 Nxe5 18. dxe5 {Black should prevent gxf4.} Qe8 19. Qd3 Qh5 20. Bg2 (20. Bf3 $11 {was the only way to keep the balance.} Qh6 21. b4) 20... fxg3 $17 21. hxg3 Bg5 $1 {...Rxf2! is the strong threat.} 22. Rc4 {[#]} (22. Bxd5 exd5 23. Rc2 (23. f4 $2 Bxf4 24. Rb1 Bxe5 $19) 23... Rce8 $15) (22. Bf3 $17 Rxf3 23. Qxf3 Qxf3 24. exf3 Bxc1 25. Rxc1) 22... Rxf2 $3 $19 {[%mdl 512]} 23. Kxf2 $2 {[#]} (23. Re4 Rf7 24. Bc3) 23... Rf8+ $1 {Black is clearly winning.} 24. Rf4 Bxf4 25. gxf4 Nxf4 26. Qe4 Nxg2+ 27. Kxg2 Qg5+ 28. Kh3 Rf4 29. Rd8+ Kf7 {Precision: White = 34%, Black = 75%.} 0-1